header

An introduction to Zimbabwean law (Record no. 240249)

MARC details
000 -LEADER
fixed length control field 01288nam a2200337 a 4500
100 1# - MAIN ENTRY--AUTHOR NAME
Personal name Madhuku, L.
245 13 - TITLE STATEMENT
Title An introduction to Zimbabwean law
260 ## - PUBLICATION, DISTRIBUTION, ETC. (IMPRINT)
Place of publication Harare [Zimbabwe] :
Name of publisher Weaver Press :
-- Friedrich-Ebert Stiftung,
Year of publication 2010.
300 ## - PHYSICAL DESCRIPTION
Number of Pages xv, 188 p. :
Other physical details ill.
650 #0 - SUBJECT ADDED ENTRY--TOPICAL TERM
Topical Term Public law
Topical Term Constitutional law
Topical Term Administrative law
Topical Term Criminal law
856 40 - ELECTRONIC LOCATION AND ACCESS
Uniform Resource Identifier http://site.ebrary.com/lib/rucke/Doc?id=10426399

No items available.

© 2026 Rongo University
Contact us: librarian | system librarian | Rongo university